| 000 | 00593nam a22001697a 4500 | ||
|---|---|---|---|
| 005 | 20240506151701.0 | ||
| 008 | 240424b |||||||| |||| 00| 0 eng d | ||
| 041 | _aEnglish | ||
| 082 |
_a746.33 _bDUB |
||
| 100 |
_aDubied Edouard _9206341 |
||
| 245 | _aDubied Knitting Manual | ||
| 260 |
_aSwitzerland _bDubied Edouard _c1967 |
||
| 300 | _a198 | ||
| 520 | _a• The Elements of A Knitting Machine • The Yarns Knitted • The Basic fabrics • Draw Threads • Special Equipment • The Jacquard Fabrics • The Fabrics in Purl Stitch | ||
| 650 |
_aKnitting _9185101 |
||
| 942 | _cDB | ||
| 999 |
_c357792 _d357792 |
||